000 00293nam a2200133Ia 4500
008 230312s9999||||xx |||||||||||||| ||und||
082 _a891.4
_bMAN-M
100 _aManto, Saddit Hussain
245 0 _aManto Naama
260 _bSangeMeel
300 _a791
650 _aLiterature
942 _cBK
999 _c8716
_d8716